000 00975nam a2200253 i 4500
001 186311
003 SpMaBN
005 20231210130226.0
008 161006s2015 sp |||| | spa d
020 _a978-84-16149-95-7
080 _a821.134.2-14"19"
100 1 _aHuerta Niembro, Marisol (
_d1954-)
_9161074
245 1 0 _aPoemas en directo /
_cMarisol Huerta Niembro ; [prólogo, Álvaro Muñoz Robledano].
260 _a[Cáceres] :
_bAyuntamiento de Cáceres,
_c[2015]
300 _a68 p. ;
_c22 cm.
490 1 _aColección de poesía ciudad de Cáceres ;
_v23
586 _aXXVI Premio de Poesía "Cáceres, Patrimonio de la Humanidad", 2014
700 1 _aMuñoz Robledano, Alvaro.
_984487
710 1 _aCáceres.
_bAyuntamiento.
_9161075
830 0 _aColección de poesía ciudad de Cáceres ;
_v23
_9192524
852 _aES-MaACL
_jA-13961
_9193366
_bR.150704
_cDEPO1
_dOlim: N-6961
_xEncuadernación en cartoné
942 _2udc
999 _c186311
_d186311